01354nam a2200253Ia 4500952011900000999001700119005001700136008004100153020001700194020002000211050002300231100004100254245008500295260004200380300004400422336001000466337001400476338001200490504003700502505042700539519009300966650002901059942001201088 00102lcc4070a22b22d2011-03-31l4m1oHF5548.8 V46 2006p17 001329r2018-11-10s2018-11-10t1w2012-06-26yLB c73814d7381420231102151126.0120626s2006 mx a 000 0 spa d a9681867068  a9789681867065 14aHF5548.8bV46 20061 aVelazquez Mastretta, Gustavo.eautor10aPsicología del trabajo en la organización c / Gustavo Vélazquez Mastretta aMéxico b : Limusa Noriegac , 2006 a279 páginasbdiagramas, ilustraciones atexto asin medio avolumen aIncluye: Bibliografía (p. 279)2 aFundamentos de la psicología en general Teorías de la personalidad La motivación y las teorías motivacionales El comportamiento humano en el campo laboral El comportamiento grupal dentro de las organizaciones Aspectos socioculturales del mexicano en la organización La salud mental en las organizaciones La psicología y la toma de decisiones en la organización Relaciones públicas versus relaciones humanas aPlan Flexible / bPsicología / cAdministración de Empresas (B14-1) / d(17 001329) 14aPSICOLOGÍA INDUSTRIAL  2lcccLB